Great Western mystics: their lasting significance.

Bibliographic Details
Main Author: Baumgardt, David, 1890-1963
Format: Book
Language:English
Published: New York : Columbia University Press, 1961.
Series:Matchette Foundation lectures, no. 4
Subjects:

MARC

Tag First Indicator Second Indicator Subfields
LEADER 00000cam a2200000 4500
001 in00000038566
005 20151007081133.0
008 720821s1961 eng u
010 |a  60010165  
035 |a (OCoLC)00385743 
035 |9 AAF5926AM 
040 |c WSU  |d TXA  |d UtOrBLW 
049 |a TXAM  |c [405579] 
090 |a BV5082  |b .B3 1961 
092 |a 149.3  |b B348g 
100 1 |a Baumgardt, David,  |d 1890-1963. 
245 1 0 |a Great Western mystics: their lasting significance. 
264 1 |a New York :  |b Columbia University Press,  |c 1961. 
300 |a 99 pages 
336 |a text  |b txt  |2 rdacontent 
337 |a unmediated  |b n  |2 rdamedia 
338 |a volume  |b nc  |2 rdacarrier 
490 0 |a Matchette Foundation lectures, no. 4 
504 |a Includes bibliography. 
650 0 |a Mysticism. 
999 |a MARS 
999 f f |s 57af4974-417f-3954-a3f3-6877bd4cf665  |i 3acdcb12-6057-3f32-b73f-ccbf02ce5764  |t 0 
952 f f |p ric  |a Texas A&M University  |b Rellis Campus  |c Joint Library Facility  |d Remote Storage  |t 0  |e BV5082 .B3 1961  |h Library of Congress classification  |i unmediated -- volume  |m A14800519276 
998 f f |a BV5082 .B3 1961  |t 0  |l Remote Storage